Prístupy ku kvantifikácii kvality pracovného života
Sumarizácia a zhodnotenie existujúcich prístupov ku kvantifikácii kvality pracovného života. Opodstatnenosť vytvorenia jednotnej metodológie, ktorá by umožnila požadovanú flexibilitu v oblasti mapovania a súčasne zaistila potrebnú validitu a reliabilitu v interpretácii výsledkov.
Salvato in:
| Autore principale: | |
|---|---|
| Natura: | Capitolo di libro |
| Lingua: | slovacco |
| Soggetti: | |
| Tags: |
Nessun Tag, puoi essere il primo ad aggiungerne!!
|
MARC
| LEADER | 00000naa a2200000 4500 | ||
|---|---|---|---|
| 001 | 0142875 | ||
| 005 | 20240502072548.7 | ||
| 041 | 0 | |a slo | |
| 044 | |a SK | ||
| 245 | 1 | 0 | |a Prístupy ku kvantifikácii kvality pracovného života |c Mária Antalová |
| 520 | |a Sumarizácia a zhodnotenie existujúcich prístupov ku kvantifikácii kvality pracovného života. Opodstatnenosť vytvorenia jednotnej metodológie, ktorá by umožnila požadovanú flexibilitu v oblasti mapovania a súčasne zaistila potrebnú validitu a reliabilitu v interpretácii výsledkov. | ||
| 610 | 2 | 0 | |a kvalita života |
| 610 | 2 | 0 | |a kvantifikácia |
| 610 | 2 | 0 | |a sociológia |
| 610 | 2 | 0 | |a zamestnanosť |
| 610 | 2 | 0 | |a Slovensko |
| 100 | 1 | |a Antalová, Mária, 1952- | |